| 000 | 00606nam a2200181Ia 4500 | ||
|---|---|---|---|
| 003 | OSt | ||
| 005 | 20240325142811.0 | ||
| 008 | 210210b1953 xxu||||| |||| 00| 0 eng d | ||
| 040 | _cAL | ||
| 041 | _aKannada | ||
| 082 | _a854/318 | ||
| 100 |
_aSHANKARANARAYANA RAO (H M) ಶಂಕರನಾರಾಯಣ ರಾವ್ ಎಚ್ ಎಂ _9138395 |
||
| 245 |
_aChandashasana kathasangrahada vivarane _bಚಂದ್ರಹಾಸನ ಕಥಾಸಂಗ್ರಹದ ವಿವರಣೆ |
||
| 260 |
_aMaisuru _bSharada Mandira _c1953 |
||
| 690 |
_aKannada Criticism _9138399 |
||
| 906 | _a020167 | ||
| 942 |
_2ddc _cBK |
||
| 999 |
_c144319 _d144319 |
||